[Event "Stockholm Chess Challenge 2018"]
[Site "Stockholm"]
[Date "2018.05.02"]
[Round "4"]
[White "Maiorov, Nikita"]
[Black "Pranav Anand"]
[Result "1-0"]
[WhiteElo "2543"]
[BlackElo "2158"]
[Annotator "TA"]
[PlyCount "57"]
[EventDate "2018.??.??"]
[EventCountry "SWE"]

{[%evp 25,57,17,50,28,33,29,29,29,25,27,47,34,42,35,117,121,114,113,171,177,227,218,223,215,269,233,277,229,398,401,394,394,388,372]} 1. d4 Nf6 2. c4 e6 3. Nf3 d5 4. e3 Be7 5. b3 O-O 6. Bd3 b6 7. Bb2 Bb7 8. Nc3 c5 9. cxd5 cxd4 10. Nxd4 Nxd5 11. O-O Nd7 {[%cal Bb8d7,Bd7c5,Bc5e4][%mdl 32]} 12. Nxd5 Bxd5 13. Qe2 Nc5 {LiveBook: 6 Games. E14: Queen's Indian: Classical Variation (4 e3)} 14. Bb5 (14. Bc4 Bf6 15. Rfd1 Qd7 16. Nf5 Bxb2 17. Qxb2 exf5 18. Rxd5 Qc8 19. Rc1 g6 20. b4 Ne4 21. f3 {1-0 (34) Radjabov,T (2713)-Wang,H (2735) Beijing 2013}) 14... Bf6 $146 ({Predecessor:} 14... Bd6 15. Rfd1 a6 16. Bc4 Bxc4 17. Qxc4 Qc7 18. Rac1 Rfc8 19. Nf3 Qb8 20. Bxg7 Kxg7 21. Qd4+ {1-0 (48) Maiorov,N (2538)-Goumas,G (2380) Anogia 2013}) 15. Rad1 Qc7 {White has an edge.} 16. b4 Ne4 17. Rc1 Qb7 18. f3 Nd6 19. e4 Bxd4+ (19... Nxb5 $14 20. Nxb5 Bc6 21. Bxf6 Bxb5 22. Qxb5 gxf6) 20. Bxd4 $16 {Strongly threatening Ba6.} Nxb5 21. Qxb5 a6 {[#]} (21... Bxa2 $16 {might work better.} 22. Qe2 e5) 22. Qd3 $1 $18 ({Don't do} 22. Qxb6 $6 Qxb6 23. Bxb6 Bxa2 $16) 22... Rfd8 23. Ba1 ({Stronger than} 23. exd5 Qxd5 24. Rfd1 e5 $15) 23... Bxa2 24. Qc2 Bd5 25. exd5 $40 {[%mdl 128] White goes for the king.} Qxd5 26. Qc3 {[%csl Ga1][%cal Rc3g7] [#]} Qg5 $2 (26... f6 27. Qe3 a5 28. Qxb6 a4) 27. f4 {White is winning.} Qh6 28. Rf3 f6 29. Qc6 {Precision: White = 71%, Black = 57%.} 1-0

[Event "Stockholm Chess Challenge 2018"]
[Site "Stockholm"]
[Date "2018.05.02"]
[Round "4"]
[White "Firat, Burak"]
[Black "Blomqvist, Erik"]
[Result "0-1"]
[WhiteElo "2446"]
[BlackElo "2494"]
[Annotator "TA"]
[PlyCount "90"]
[EventDate "2018.??.??"]
[EventCountry "SWE"]
[SourceTitle "playchess.com"]
[Source "ChessBase"]
[SourceQuality "1"]

{[%evp 15,90,20,19,27,58,56,75,23,35,16,23,0,0,0,0,-22,3,0,7,10,6,-22,-13,-19,0,0,0,-29,-25,-29,-44,-43,-25,-60,-55,-70,-68,-91,-64,-72,-58,-87,-40,-252,-269,-238,-117,-350,-341,-392,-369,-448,-371,-532,-526,-730,-693,-665,-625,-849,-832,-1030,-997,-1057,-978,-1043,-968,-967,-945,-916,-906,-12831,-11011,-6225,-6137,-12843,-12843]} 1. e4 c5 2. Nf3 e6 3. d4 cxd4 4. Nxd4 Nc6 5. Nc3 a6 6. Be3 Nf6 7. Qf3 {B46: Sicilian: Taimanov: 5 Nc3 a6} Bb4 8. Nxc6 dxc6 {LiveBook: 3 Games} 9. a3 {The position is equal.} Qa5 $146 ({Predecessor:} 9... Bxc3+ 10. bxc3 Qa5 11. Bd2 O-O 12. Bd3 e5 13. a4 Be6 14. c4 Qc7 {1-0 (42) Grischuk,A (2750)-Grachev,B (2658) Sochi 2017}) 10. Bd2 e5 11. Bd3 (11. Rd1 $16 Bxc3 12. Bxc3) 11... Bc5 $11 12. Qg3 O-O $1 13. h4 Kh8 14. h5 h6 15. O-O-O (15. Nd5 $5 Qd8 16. Nxf6 Qxf6 17. O-O $11) 15... Be6 16. Kb1 Qc7 17. f4 b5 18. f5 Bc8 19. Qf3 Qe7 20. g4 {Hoping for g5.} Nh7 $1 21. Be3 Ng5 22. Qf2 Bxe3 23. Qxe3 Bd7 24. Be2 Rfb8 25. Rd3 Be8 26. Na2 a5 27. Rhd1 Kg8 28. Rd6 Qa7 29. Qd3 $2 {[#]} ({White should play} 29. Qxa7 $15 Rxa7 30. R6d3) 29... f6 $1 $19 30. Nc1 c5 (30... Kh7 $19 {has better winning chances.} 31. Bf3 Nf7) 31. Bf1 $2 (31. Qe3 $17) 31... c4 32. Qe2 Rc8 33. Qd2 Kh8 ({But not} 33... Bc6 $2 {[#]} 34. Rxc6 $1 {[%mdl 512]} Kh7 35. Qd5 $18) 34. Bg2 {[#]} (34. Qd5 $142) 34... b4 $1 {[%mdl 512] Black is clearly winning.} 35. a4 (35. axb4 axb4) 35... Bxa4 36. Qd5 Be8 37. Ne2 c3 38. Nf4 exf4 39. e5 fxe5 40. f6 e4 41. Bxe4 Nxe4 42. Qxe4 {[#]} b3 $1 43. g5 (43. cxb3 c2+) 43... bxc2+ 44. Qxc2 cxb2 45. Qb3 Rab8 {Precision: White = 28%, Black = 59%.} 0-1

[Event "Stockholm Chess Challenge 2018"]
[Site "Stockholm"]
[Date "2018.05.02"]
[Round "4"]
[White "Sankalp Gupta"]
[Black "Kobo, Ori"]
[Result "0-1"]
[WhiteElo "2374"]
[BlackElo "2484"]
[Annotator "TA"]
[PlyCount "50"]
[EventDate "2018.??.??"]
[EventCountry "SWE"]
[SourceTitle "playchess.com"]
[Source "ChessBase"]
[SourceQuality "1"]

{[%evp 25,50,6,0,-27,-18,-50,-50,-50,-50,-50,-50,-50,-50,-50,-45,-40,0,-62,-68,-123,-130,-111,-54,-2742,-2791,-1921,-1902]} 1. e4 g6 2. d4 Bg7 3. Nc3 d6 4. f4 Nf6 5. Nf3 O-O 6. Bd3 Nc6 7. e5 dxe5 8. fxe5 Nh5 9. Be2 Bg4 10. Be3 f6 11. exf6 exf6 12. O-O {B09: Pirc Defence: Austrian Attack} Re8 (12... f5 13. Qd2 Qd7 14. Bf2 Nf6 15. Bc4+ Kh8 16. Ng5 Rae8 17. Rae1 Nd8 18. h3 Bh5 19. Qd3 h6 {½-½ (53) Predke,A (2579)-Chigaev,M (2578) Samara 2017}) 13. Qd2 Ne7 {[%cal Bc6e7,Be7f5,Bf5e3][%mdl 32] LiveBook: 3 Games} 14. Bc4+ {The position is equal.} Kh8 15. h3 Nf5 16. hxg4 Nxe3 17. gxh5 {Black must now prevent Bf7.} Nxc4 18. Qd3 $1 {[%csl LRc4,LRg6][%cal Rd3c4]} Nxb2 19. Qb5 g5 $1 {[%cal Rg5g4]} 20. Qxb2 {Strongly threatening Rad1.} g4 $146 21. Rad1 ({Don't play} 21. Qxb7 gxf3 22. Rad1 f5 $17) ({White should play} 21. Nh4 $11 Qxd4+ 22. Kh1) 21... gxf3 $15 22. Rxf3 ({Better is} 22. h6 $1 $15 Bxh6 23. Rxf3) 22... f5 $1 $36 {[%mdl 2048] White is under strong pressure.} 23. Rfd3 Qh4 (23... b6 $17 24. Qc1 Qh4) 24. g3 $2 {[%mdl 8192] [#]} (24. Qxb7 $15 Rad8 25. g3 (25. Qxa7 $2 Bxd4+ 26. Rxd4 Re1+ 27. Rxe1 Qxe1+ 28. Kh2 Qe5+ 29. Kh3 Rxd4 $19) 25... Qxh5 26. Qf3 (26. Qxc7 $2 Rc8 $17) (26. Qxa7 $2 Qh3 $19) 26... Qxf3 27. Rxf3) 24... Bxd4+ $1 $19 {[%mdl 512]} 25. Kg2 {[#]} (25. Rxd4 Qxg3+) 25... Re2+ $1 {[%mdl 512] Precision: White = 33%, Black = 81%.} 0-1

[Event "Stockholm Chess Challenge 2018"]
[Site "Stockholm"]
[Date "2018.05.02"]
[Round "4"]
[White "Seo, Jung Min"]
[Black "Haria, Ravi"]
[Result "0-1"]
[WhiteElo "2349"]
[BlackElo "2441"]
[Annotator "TA"]
[PlyCount "84"]
[EventDate "2018.??.??"]
[EventCountry "SWE"]
[SourceTitle "playchess.com"]
[Source "ChessBase"]
[SourceQuality "1"]

{[%evp 9,84,-28,-26,-41,-38,-33,-16,-22,-12,-6,0,-20,0,-9,0,0,0,0,0,0,0,0,0,0,0,0,0,0,0,0,-2,-9,0,0,0,0,0,-7,0,0,0,-75,-65,-57,-57,-57,-64,-57,-79,-303,-301,-298,-300,-294,-294,-293,-289,-288,-285,-275,-259,-270,-270,-264,-262,-262,-253,-238,-204,-203,-180,-225,-203,-364,-362,-12840,-12840]} 1. e4 e6 2. Qe2 d5 3. d3 b6 (3... Nf6 4. Nf3 Be7 5. g3 b6 6. Bg2 Bb7 7. e5 Nfd7 8. O-O b5 9. c4 bxc4 10. dxc4 Nb6 11. b3 O-O 12. Rd1 a5 13. Be3 N8d7 {1-0 (83) Bologan,V (2654)-Kovalenko,I (2667) Poikovsky 2016}) 4. e5 Ne7 5. g3 c5 $146 ({Predecessor:} 5... Bb7 6. Bg2 Nf5 7. c3 Be7 8. Nf3 Nd7 9. a3 Nc5 10. Qc2 d4 11. b4 {½-½ (38) Ankerst,M-Gschwendtner,M Germany 1991}) 6. Bg2 {C00: French: Unusual White 2nd moves} Nbc6 7. Nf3 Nf5 8. c3 {The position is equal.} Be7 9. O-O O-O 10. Rd1 b5 11. Nbd2 Rb8 12. g4 Nh4 13. Nxh4 Bxh4 14. f4 {[#] Threatens to win with g5.} Be7 15. Nf3 f6 16. exf6 Bxf6 17. g5 Be7 18. Bh3 e5 19. Bxc8 Qxc8 20. Nxe5 Nxe5 21. fxe5 Qe6 22. d4 Rf5 23. Be3 Rbf8 (23... cxd4 {keeps more tension.} 24. cxd4 Bxg5 25. Bxg5 Rxg5+ 26. Kh1 Rg4) 24. Rf1 cxd4 25. cxd4 (25. Rxf5 $11 Rxf5 26. cxd4) 25... Bxg5 $17 26. Rxf5 Qxf5 27. Bxg5 Qxg5+ $11 {[%mdl 4096] Endgame KQR-KQR} 28. Kh1 Qh4 $1 {[#] ...Rf2 is the strong threat.} 29. e6 $2 (29. Qe3 $17 {was worth a try.}) 29... Rf2 $19 {[%csl Gf2][%cal Rh4h2]} (29... Qxd4 $2 30. e7 $18) 30. Qe5 {Hoping for e7.} Qh3 {[%csl Gf2][%cal Rh3g2]} 31. Qb8+ Rf8 32. Qxb5 {next Qe2 is good for White.} Qf3+ ({Not} 32... Qxe6 33. Qd3 $17) 33. Kg1 Qe3+ 34. Kh1 Qe4+ $40 {[%mdl 128] White is in trouble.} ({Much less strong is} 34... Qxe6 35. Qd3 $17) ({Worse is} 34... Qxd4 35. Re1 $11) 35. Kg1 Qxd4+ 36. Kh1 Qe4+ 37. Kg1 Qxe6 38. Qd3 Rf4 39. Rc1 Re4 40. Kh1 h6 41. Rd1 $2 (41. b3) 41... d4 42. b3 $2 (42. Qb3 Qxb3 43. axb3) 42... Qd5 {Precision: White = 53%, Black = 72%.} 0-1

[Event "Stockholm Chess Challenge 2018"]
[Site "Stockholm"]
[Date "2018.05.02"]
[Round "4"]
[White "Thorn, Eric"]
[Black "Kantane, Anna"]
[Result "1-0"]
[WhiteElo "2312"]
[BlackElo "2266"]
[Annotator "TA"]
[PlyCount "53"]
[EventDate "2018.??.??"]
[EventCountry "SWE"]
[SourceTitle "playchess.com"]
[Source "ChessBase"]
[SourceQuality "1"]

{[%evp 15,53,36,57,-26,-17,-37,0,-6,0,-16,31,21,36,30,39,35,64,-7,0,-88,-93,-195,-188,-166,33,33,37,30,28,-106,32,45,534,511,1120,1145,1090,1093,1035,1032]} 1. Nf3 c5 2. c4 Nc6 3. Nc3 Nf6 4. g3 e6 5. Bg2 Be7 6. O-O O-O 7. d4 cxd4 8. Nxd4 Qb6 {LiveBook: 13 Games} 9. Be3 $146 {A33: Symmetrical English: 2 Nf3 Nf6 3 d4 cxd4 4 Nxd4 e6 5 Nc3 Nc6} (9. Ndb5 $14) ({Predecessor:} 9. Ndb5 a6 10. Be3 Qa5 11. Nd6 Ng4 12. Bf4 Nge5 13. Bxc6 Nxc6 14. a3 Qh5 15. e4 Qg6 16. c5 e5 {½-½ (60) Medvegy,Z (2535)-Reznak,A (2304) Zalakaros 2015}) 9... Qxb2 $11 10. Ncb5 Qb4 11. Rb1 {The position is equal.} Qxc4 12. Nxc6 dxc6 (12... bxc6 {keeps more tension.} 13. Nc7 Ba6 14. Nxa8 Rxa8 15. Re1 d5) 13. Nc7 $1 {[%cal Rc7a8]} Rb8 $1 14. Bxa7 Bd7 15. Bxb8 Rxb8 16. Qd2 (16. a4 $14) 16... Qa4 17. Rfd1 (17. Rb3 $11 {keeps the balance.}) 17... Qa7 $17 {Hoping for ...Rc8.} 18. e4 {[#]} (18. Qf4 $17 {keeps fighting.}) 18... e5 $1 $19 19. Qb2 {[#]} Bd8 $2 (19... Bc5 $1 $19 {White must now prevent ...Qa5.} 20. Qxe5 Bxf2+ 21. Kh1 Rc8 22. Rxd7 Nxd7) 20. Qxe5 $14 {Na6! is the strong threat.} Rc8 21. Rxd7 $1 Nxd7 22. Qe8+ Nf8 {Threatens to win with ...Rb8.} 23. Rd1 $40 {[%mdl 128] White is up to no good.} Qc5 $2 {[%mdl 8192]} ({Black should try} 23... Rxc7 $14 24. Rxd8 (24. Qxd8 b5 $14) 24... Qc5) 24. Rd7 $1 $18 {White is clearly winning.} ({Weaker is} 24. Rxd8 Rxc7 25. e5 Qe7 $14) 24... Qc4 (24... Qh5 $142 25. Rxd8 Rxd8 26. Qxd8 Qa5) 25. Nd5 Bf6 26. Nxf6+ gxf6 27. Qxc8 {Precision: White = 43%, Black = 42%.} 1-0

[Event "Stockholm Chess Challenge 2018"]
[Site "Stockholm"]
[Date "2018.05.02"]
[Round "4"]
[White "Kucuksari, Kaan"]
[Black "Pantzar, Milton"]
[Result "0-1"]
[WhiteElo "2251"]
[BlackElo "2295"]
[Annotator "TA"]
[PlyCount "68"]
[EventDate "2018.??.??"]
[EventCountry "SWE"]
[SourceTitle "playchess.com"]
[Source "ChessBase"]
[SourceQuality "1"]

{[%evp 12,68,17,-4,17,17,19,22,27,14,20,8,11,30,21,1,8,-162,-166,-565,-576,-566,-571,-559,-555,-552,-536,-820,-807,-813,-809,-789,-779,-868,-933,-904,-911,-902,-885,-991,-972,-1306,-1291,-1246,-1182,-3246,-2940,-2408,-2081,-12839,-12838,-29987,-29988,-29988,-29989,-29994,-29995,-29995,-29990]} 1. d4 d5 2. Nf3 Nf6 3. c4 e6 4. g3 Be7 5. Bg2 O-O 6. O-O dxc4 7. Qa4 {LiveBook: 480 Games. E05: Open Catalan: 5 Nf3 Be7} (7. Ne5 Qd6 8. Na3 Rd8 9. Naxc4 Qa6 10. Qc2 Rxd4 11. Bg5 Nbd7 12. Rfd1 Rxd1+ 13. Rxd1 Nxe5 14. Nxe5 Qa5 15. Bf4 Nd5 {½-½ (54) Kramnik,V (2800)-Mamedyarov,S (2809) Berlin 2018}) 7... b6 8. Ne5 Qxd4 9. Bxa8 {[#] Hoping for Nf3.The position is equal.} Qxe5 10. Qxa7 Bd7 $146 {Strongly threatening ...Nc6.} ({Predecessor:} 10... Nbd7 11. Nc3 Bd6 12. Bf4 Qc5 13. Be3 Qh5 14. Bf3 Ng4 15. Bxg4 Qxg4 {1-0 (61) Duzhakov,I (2404)-Gavrilov,A (2465) Pardubice 2016}) 11. Nc3 {Threatens to win with Bf4.} Nd5 12. Nxd5 exd5 13. Bf4 Qe4 $1 {aiming for ...Bh3.} 14. Rad1 $2 {[#]} (14. Qxc7 $11 g5 15. Rad1 gxf4 16. Bxd5) 14... c6 $1 $40 {[%mdl 128] Black attacks with force.} 15. Rd4 $2 (15. Bxc6 {nothing else works.} Bxc6 16. Bxb8) 15... Qxe2 {( -> ...Bh3)} 16. Qa4 Bh3 {[%csl Gh3][%cal Re2f1]} 17. Qd1 Bxf1 18. Qxf1 Qxb2 19. Qd1 Qxa2 20. Bb7 Qa7 21. Bxb8 Qxb7 22. Be5 f6 23. Bf4 Bc5 24. Rd2 Re8 25. Ra2 b5 26. Be3 Bxe3 27. fxe3 {[%mdl 4096] Endgame KQR-KQR} Qb6 28. Qa1 Qxe3+ 29. Kg2 Qe1 30. Qb2 c3 31. Qb3 Re2+ {Black mates.} 32. Rxe2 Qxe2+ 33. Kh3 Qf1+ 34. Kh4 Qc4+ {Precision: White = 49%, Black = 86%.} 0-1

[Event "Stockholm Chess Challenge 2018"]
[Site "Stockholm"]
[Date "2018.05.02"]
[Round "4"]
[White "Crevatin, Leo"]
[Black "Storme, Isak"]
[Result "1-0"]
[WhiteElo "2157"]
[BlackElo "2323"]
[Annotator "TA"]
[PlyCount "113"]
[EventDate "2018.??.??"]
[EventCountry "SWE"]
[SourceTitle "playchess.com"]
[Source "ChessBase"]
[SourceQuality "1"]

{[%evp 24,113,0,0,0,0,0,0,0,0,0,0,31,35,47,27,40,42,43,22,31,41,64,0,0,0,0,0,6,4,5,6,5,-67,-46,-94,0,-12,270,270,258,268,262,252,319,310,323,322,331,333,346,343,326,324,360,353,335,318,406,402,402,401,477,460,526,531,489,450,720,709,700,664,854,827,1284,1088,1085,714,29972,29972,4837,5834,29986,29987,29987,29988,29997,29991,29991,29992,29992,29993]} 1. d4 Nf6 2. c4 e6 3. Nc3 Bb4 4. Qc2 d5 5. cxd5 exd5 6. Bg5 h6 7. Bxf6 Qxf6 8. a3 Bxc3+ 9. Qxc3 O-O 10. e3 c6 11. Nf3 Bf5 12. Be2 Nd7 13. O-O Rfc8 {E35: Nimzo-Indian: Classical: 4...d5 5 cxd5 exd5} (13... Bg4 14. Qb4 Bxf3 15. Bxf3 Rfb8 16. Bg4 a5 17. Qb3 Qd6 18. Bxd7 Qxd7 19. Rac1 a4 20. Qb4 Qd8 21. Rc5 Ra6 22. Rfc1 Qb6 23. Qd2 Qd8 24. Qb4 Qb6 25. Qd2 Qd8 26. Qb4 {½-½ (26) Bu,X (2695)-Ni,H (2703) Danzhou 2015}) 14. Rfc1 a5 15. b4 a4 $146 {The position is equal.} ({Predecessor:} 15... Qd8 16. Nd2 axb4 17. axb4 Rxa1 18. Rxa1 Ra8 19. Ra3 Nf6 20. Qa1 Rxa3 21. Qxa3 {½-½ (80) Bargan,S (2248)-Itkis,B (2372) Kishinev 2014}) 16. b5 Qd6 17. Qb2 cxb5 18. Bxb5 Qb6 {[#] And now ...Rxc1+ would win.} 19. Qb4 Rxc1+ 20. Rxc1 Nf6 {[%cal Bd7f6,Bf6e4,Be4c3,Bc3a2,Ba2b4,Bb4c2][%mdl 32]} 21. Qc5 Qa5 {aiming for ...b6.} 22. Be2 Ne4 23. Qe7 (23. Qxa5 $14 Rxa5 24. Ne5) 23... Nc3 $11 24. Bf1 Rc8 $1 {...Ne2+! is the strong threat.} 25. Kh1 Qc7 $132 {[%mdl 2048] Black is fighting back} 26. Qb4 Na2 $1 27. Rxc7 Nxb4 28. Rxb7 ({White should play} 28. Rxc8+ $11 Bxc8 29. Ne1 (29. axb4 Bf5 $11)) 28... Rc1 $15 29. Kg1 {[#]} Bd3 (29... Nc2 $1 $17 {[%cal Rc2a3]} 30. Rc7 Ra1) 30. Nd2 $11 Nc2 $2 {[%mdl 8192]} (30... Na2 $11 {and Black stays safe.}) 31. Rb1 $18 Rxb1 32. Nxb1 {[%mdl 4096] Endgame KBN-KBN} Be4 33. Bb5 Ne1 34. Nc3 Nc2 35. f3 ({Don't do} 35. Bxa4 Nxa3 36. Bc6 Bd3 $18) 35... Bf5 36. Nxd5 {Hoping for Ne7+.} Be6 37. Bxa4 Nxa3 38. Nc3 Nc4 39. Kf2 Kf8 40. Bb3 Nd6 41. d5 Bc8 42. e4 f6 43. f4 g5 44. g3 Nf7 45. Ke3 Ke7 (45... h5 $142 46. fxg5 Nxg5) 46. Kd4 gxf4 47. gxf4 h5 48. e5 fxe5+ 49. fxe5 Ng5 50. Kc5 Nf3 51. d6+ Kd8 52. e6 {[%cal Be5e6,Be6e7][%mdl 32]} Ng5 53. e7+ {White mates.} Ke8 54. h4 Nh7 55. Ba4+ Bd7 56. Bxd7+ Kxd7 57. Nd5 {Precision: White = 71%, Black = 45%.} 1-0

[Event "Stockholm Chess Challenge 2018"]
[Site "Stockholm"]
[Date "2018.05.03"]
[Round "5"]
[White "Kantans, Toms"]
[Black "Kobo, Ori"]
[Result "1-0"]
[WhiteElo "2510"]
[BlackElo "2484"]
[Annotator "TA"]
[PlyCount "81"]
[EventDate "2018.??.??"]
[EventCountry "SWE"]
[SourceTitle "playchess.com"]
[Source "ChessBase"]
[SourceQuality "1"]

{[%evp 21,81,21,11,0,0,0,0,0,0,0,0,0,0,0,0,0,0,0,0,0,0,0,0,-18,-23,-34,-49,-43,-43,-39,-38,-21,-39,-35,-18,-16,-17,-19,0,0,0,-35,0,0,0,0,0,0,0,0,0,-18,0,-31,0,0,289,309,280,243,1409,1332]} 1. e4 g6 2. d4 Bg7 3. Nc3 d6 4. f4 Nf6 5. Nf3 O-O 6. e5 dxe5 7. fxe5 Nd5 8. Bc4 Be6 9. Qe2 {B09: Pirc Defence: Austrian Attack} (9. Nxd5 Bxd5 10. Bxd5 Qxd5 11. Qe2 Nc6 12. c4 Qa5+ 13. Bd2 Qa6 14. d5 Na5 15. Rc1 b6 16. O-O Rad8 17. Bg5 f6 18. Bh4 Nb7 19. Nd4 Nc5 20. b4 Rxd5 21. cxd5 {1-0 (21) Salem,A (2656)-Mamedov,R (2688) Doha 2016}) 9... Nxc3 10. bxc3 Bxc4 11. Qxc4 Nc6 {[%cal Bb8c6,Bc6a5,Ba5c4][%mdl 32] LiveBook: 5 Games} 12. Ba3 $146 ({Predecessor:} 12. O-O Na5 13. Qb4 b6 14. Ba3 e6 15. Qb5 c5 16. c4 a6 {0-1 (29) Skawinski,A (2367)-Piasetski,L (2292) Zalakaros 2016}) 12... Na5 13. Qc5 b6 14. Qxe7 Re8 15. Qxd8 Raxd8 16. O-O Nc4 17. Bc1 f6 18. exf6 Bxf6 19. Bg5 Bxg5 20. Nxg5 Re2 21. Rf2 Rde8 22. h3 h6 23. Nf3 Rxf2 24. Kxf2 $15 {[%mdl 4096] Endgame KRN-KRN} Re3 $1 25. Ne5 Rxc3 26. Nxg6 ({Avoid the trap} 26. Rc1 $2 Nxe5 27. dxe5 Kf7 $19) 26... Rxc2+ 27. Kf3 Kf7 28. Nf4 Nd6 29. a4 Rc3+ 30. Kg4 Rc4 31. Rf1 Rxd4 32. Kh5 Rxa4 33. Kxh6 Nf5+ 34. Kh7 Ng3 35. Rf3 {[#] And now Ng6+ would win.} Ne4 {aiming for ...Ng5+.} 36. Nh5+ Ke6 37. Kg6 a5 38. h4 {[%cal Bh3h4,Bh4h5,Bh5h6][%mdl 32]} Nd6 $2 {[%mdl 8192]} (38... Kd6 $11 {and Black is okay.}) 39. Nf4+ $18 Ke5 {[#]} 40. h5 $1 {[%cal Rh5h6] h6 is the strong threat.} Ra1 $2 ({Don't go for} 40... Rxf4 $2 41. Rxf4 Kxf4 42. h6 $18) (40... Re4 41. h6 Kd4) 41. h6 {Precision: White = 70%, Black = 64%.} 1-0

[Event "Stockholm Chess Challenge 2018"]
[Site "Stockholm"]
[Date "2018.05.03"]
[Round "5"]
[White "Blomqvist, Erik"]
[Black "Maiorov, Nikita"]
[Result "1/2-1/2"]
[WhiteElo "2494"]
[BlackElo "2543"]
[Annotator "TA"]
[PlyCount "80"]
[EventDate "2018.??.??"]
[EventCountry "SWE"]
[SourceTitle "playchess.com"]
[Source "ChessBase"]
[SourceQuality "1"]

{[%evp 16,80,0,0,8,6,30,4,0,0,0,0,0,-6,-7,0,0,0,0,-42,0,0,0,0,0,-12,-12,-24,-3,-41,19,20,20,16,18,16,22,16,17,10,15,7,7,0,5,0,-6,-6,0,0,6,8,9,8,67,84,70,55,55,55,48,53,45,20,22,17,23]} 1. e4 e5 2. Nf3 Nc6 3. d4 exd4 4. Nxd4 Qf6 5. Be3 Bc5 6. c3 Nge7 7. Bb5 Bb6 {C45: Scotch Game} 8. O-O O-O 9. a4 {LiveBook: 11 Games} d6 (9... Qg6 10. Bd3 Ne5 11. Bc2 d6 12. f3 Nc4 13. Bc1 f5 14. Qe2 Na5 15. Be3 {½-½ (50) Matlakov,M (2738)-Fedoseev,V (2718) Moscow 2017}) 10. Re1 Qg6 $146 ({Predecessor:} 10... a6 11. Bf1 Ne5 12. Be2 Re8 13. Nd2 N7g6 14. g3 Bh3 15. a5 Bc5 16. f4 Nc6 {1-0 (66) Palladino,M (2141)-Leone,C ICCF email 2012}) 11. f3 a6 12. Bf1 d5 13. Nxc6 Qxc6 14. a5 Bxe3+ 15. Rxe3 dxe4 16. Rxe4 Bf5 17. Rd4 Qe6 18. Qe2 Nc6 19. Qxe6 Bxe6 20. Rd2 Rfd8 21. Kf2 Ne5 22. Ke3 Nc4+ (22... f5 $15) 23. Bxc4 $1 $11 Bxc4 24. Ra4 Rxd2 25. Nxd2 {[%mdl 4096] Endgame KRB-KRN} Re8+ 26. Kf4 Bd5 27. Rd4 (27. Rb4 {is more complex.} Kf8 28. Ne4 Ke7 29. Rd4 Bc6 30. Nc5) 27... Bc6 28. Nb3 f6 29. h4 Kf7 30. Rd2 Re5 31. Nd4 Be8 32. b4 g6 33. Nb3 b6 34. Rd8 Re2 (34... Rf5+ $11 35. Kg3 bxa5) 35. Rc8 $14 Re7 36. axb6 cxb6 37. Rb8 Rc7 38. Rxb6 {Black must now prevent Nc5.} Rxc3 39. Nc5 {White wants to play Rb7+.} Rc4+ 40. Kg3 {Threatens to win with Rb7+.} Bb5 $1 {Precision: White = 56%, Black = 46%.} 1/2-1/2

[Event "Stockholm Chess Challenge 2018"]
[Site "Stockholm"]
[Date "2018.05.03"]
[Round "5"]
[White "Haria, Ravi"]
[Black "Kaasen, Tor Fredrik"]
[Result "1-0"]
[WhiteElo "2441"]
[BlackElo "2369"]
[Annotator "TA"]
[PlyCount "71"]
[EventDate "2018.??.??"]
[EventCountry "SWE"]
[SourceTitle "playchess.com"]
[Source "ChessBase"]
[SourceQuality "1"]

{[%evp 28,71,47,39,47,35,51,44,45,36,38,23,60,70,60,55,193,181,291,285,294,287,265,41,107,87,75,39,55,16,256,237,203,96,455,475,461,463,462,468,462,447,587,577,568,582]} 1. e4 c5 2. Nf3 d6 3. Bb5+ Nd7 4. O-O Ngf6 5. Re1 a6 6. Bf1 b6 7. d4 cxd4 8. Nxd4 Bb7 9. c4 e6 10. Nc3 Be7 {B51: Sicilian: Moscow Variation (3 Bb5+) without 3...Bd7} 11. f3 O-O 12. Be3 Rc8 13. Rc1 Qc7 14. Kh1 (14. Qd2 Qb8 15. b3 Rfe8 16. Kh1 Bd8 17. Bg1 Bc7 18. Nc2 {1-0 (76) Areshchenko,A (2652)-Demchenko,A (2645) Tbilisi 2017}) 14... Qb8 15. Qd2 {LiveBook: 11 Games} Bd8 16. Bg1 Bc7 17. Rcd1 $146 ({Predecessor:} 17. Qf2 Kh8 18. b4 {½-½ (41) Iordachescu,V (2425)-Ovsejevitsch,S (2370) Nikolaev 1995}) 17... Rfd8 18. b4 Ne5 19. f4 Ng6 20. f5 Nf8 $1 21. Bd3 d5 (21... Re8 $14) 22. fxe6 $18 {aiming for e7.} fxe6 (22... dxc4 $142 23. exf7+ Kh8) 23. exd5 Bf4 24. Qf2 exd5 25. c5 $2 (25. Nxd5 $18 Nxd5 26. cxd5) 25... bxc5 $14 26. bxc5 Rxc5 27. Nce2 (27. Na4 $5 {[%cal Ra4c5]} Ra5 28. Qc2 $11) 27... Bd6 28. Nf5 $36 {[%mdl 2048] White is pushing.} Rcc8 $2 (28... Rc7 $1 $11 {and Black is okay.}) 29. Ned4 Ne4 30. Qf3 (30. Bxe4 $1 $18 {is more deadly.} dxe4 {[#]} 31. Nxg7 $1 {[%mdl 512]} (31. Nxd6 Rxd6 32. Nf5 Rf6 $11)) 30... Re8 $2 {[%mdl 8192]} (30... Rc7 $16) 31. Bxe4 $18 {White is clearly winning.} ({Not} 31. Nxd6 Nxd6 32. Nf5 Nxf5 $16) 31... dxe4 32. Qb3+ Kh8 33. Nxd6 Qxd6 34. Qxb7 Rb8 {[#]} 35. Qxg7+ $1 {[%mdl 512]} Kxg7 36. Nf5+ {Precision: White = 50%, Black = 25%.} 1-0